000 00652nam a2200253Ia 4500
005 20250425162011.0
008 250425s9999 xx 000 0 und d
020 _a8432968099
041 _aspa
082 _a621.38
100 _aBISHOP, OWEN
245 0 _aCIRCUITOS PRACTICOS DE ELECTRONICA: CIRCUITOS ELECTRONICOS POR CONTROL REMOTO
250 _a1A ED.
260 _aBARCELONA
260 _aEspaƱa
_bCEAC
_c1989
300 _a204
650 _aCODIFICADORES
650 _aCONTROL REMOTO
650 _aDECODIFICADORES
650 _aENLACES DE TRANSMISION
650 _aINTERFACES DE COMPUTADORA
942 _c01
010 _a39481
999 _c220400
_d220400